Statistiques concernant Compter en chiffres romains - deux minute sprint

Cliquez ici pour prendre le quiz!

Statistiques générales

  • Ce quiz a été pris 640 fois
  • Le résultat moyen est 47 sur 144

Statistiques - réponses

#% Correct
I
100%
II
99%
III
99%
IV
99%
V
99%
VI
99%
VII
99%
VIII
99%
IX
98%
X
98%
XI
98%
XII
98%
XIII
98%
XIV
97%
XV
96%
XVI
96%
XVII
96%
XVIII
96%
XIX
94%
XX
94%
XXI
94%
XXII
94%
XXIII
93%
XXIV
92%
XXV
92%
XXVI
92%
XXVII
92%
XXVIII
92%
XXIX
89%
XXX
89%
XXXI
88%
XXXII
88%
XXXIII
87%
XXXIV
87%
XXXV
86%
XXXVI
86%
XXXVII
85%
XXXVIII
84%
XXXIX
81%
XL
49%
XLI
48%
XLII
47%
XLIII
46%
XLIV
45%
XLV
45%
XLVI
44%
XLVII
43%
XLVIII
43%
L
36%
LI
35%
XLIX
35%
LII
34%
LIII
34%
LIV
32%
LV
32%
LVI
31%
LVII
30%
LVIII
29%
LIX
26%
LX
25%
LXI
24%
LXII
22%
LXIII
21%
LXIV
19%
LXV
19%
LXVI
17%
LXVII
16%
LXVIII
15%
LXIX
13%
LXX
12%
LXXI
11%
LXXII
10%
LXXIII
9%
LXXIV
8%
LXXV
8%
LXXVI
7%
LXXVII
6%
LXXIX
5%
LXXVIII
5%
LXXX
5%
LXXXI
4%
LXXXII
3%
LXXXIII
3%
LXXXIV
3%
LXXXV
3%
LXXXVI
2%
LXXXVII
2%
LXXXVIII
2%
C
1%
CI
1%
CII
1%
LXXXIX
1%
XC
1%
XCI
1%
XCII
1%
XCIII
1%
XCIV
1%
XCIX
1%
XCV
1%
XCVI
1%
XCVII
1%
XCVIII
1%
CIII
0%
CIV
0%
CIX
0%
CV
0%
CVI
0%
CVII
0%
CVIII
0%
CX
0%
CXI
0%
CXII
0%
CXIII
0%
CXIV
0%
CXIX
0%
CXL
0%
CXLI
0%
CXLII
0%
CXLIII
0%
CXLIV
0%
CXV
0%
CXVI
0%
CXVII
0%
CXVIII
0%
CXX
0%
CXXI
0%
CXXII
0%
CXXIII
0%
CXXIV
0%
CXXIX
0%
CXXV
0%
CXXVI
0%
CXXVII
0%
CXXVIII
0%
CXXX
0%
CXXXI
0%
CXXXII
0%
CXXXIII
0%
CXXXIV
0%
CXXXIX
0%
CXXXV
0%
CXXXVI
0%
CXXXVII
0%
CXXXVIII
0%

Distribution des résultats

Percentile par nombre de réponses

% des personnes avec chaque résultat

Votre développement - résultats

Vous n’avez pas pris ce quiz